LEADER 00913nam a2200253 i 4500 001 991001294399707536 005 20020507114004.0 008 970308s1979 it ||| | ita 035 $ab10200526-39ule_inst 035 $aLE00645372$9ExL 040 $aDip.to Fisica$bita 084 $a52.9.3 084 $a361.5 100 1 $aBaratta, Mario$0455737 245 12$aI terremoti d'Italia :$bsaggio di storia, geografia e bibliografia sismica italiana /$cMario Baratta 260 $aSala Bolognese :$bArnaldo Forni,$c1979 300 $a950 p. :$bill., tav. ;$c21 cm. 650 4$aTerremoti-Italia-1-1898 907 $a.b10200526$b21-09-06$c27-06-02 912 $a991001294399707536 945 $aLE006 52.9.3 BAR$g1$i2006000024266$lle006$o-$pE0.00$q-$rl$s- $t0$u0$v0$w0$x0$y.i10247804$z27-06-02 996 $aTerremoti d'Italia$9191039 997 $aUNISALENTO 998 $ale006$b01-01-97$cm$da $e-$fita$git $h2$i1